书目信息 |
| 题名: |
唐朝到底是怎么回事
|
|
| 作者: | 墨香满楼 著 | |
| 分册: | 3 女主天下 | |
| 出版信息: | 武汉 武汉出版社 2010 |
|
| 页数: | 254页 | |
| 开本: | 24cm | |
| 丛书名: | ||
| 单 册: | ||
| 中图分类: | K240.9 | |
| 科图分类: | ||
| 主题词: | ||
| 电子资源: | ||
| ISBN: | 978-7-5430-5312-0 | |
| 000 | 00933nam0 2200253 45 | |
| 001 | 1130173797 | |
| 005 | 20110309143302.01 | |
| 010 | @a978-7-5430-5312-0@dCNY28.80 | |
| 100 | @a20110112d2010 ekmy0chiy0120 ea | |
| 101 | 0 | @achi |
| 102 | @aCN@b420000 | |
| 105 | @ay z 000yy | |
| 106 | @ar | |
| 200 | 1 | @a唐朝到底是怎么回事@ATang Chao Dao Di Shi Zen Me Hui Shi@h3@i女主天下@INu^ Zhu Tian Xia@f墨香满楼著@FMo Xiang Man Lou Zhu |
| 210 | @a武汉@c武汉出版社@d2010 | |
| 215 | @a254页@d24cm | |
| 300 | @a国史悦读 | |
| 330 | @a《国史悦读?唐朝到底是怎么回事3:女主天下》简介:这是一个大气磅礴的王朝,这是中国历史上空前绝后的一代女皇。她是怎么样从唐太宗的才人变成唐高宗的皇后的?她为什么要突破人伦的底线杀死自己的亲生儿女? | |
| 607 | @a中国@x古代史@z隋唐时代@j通俗读物 | |
| 607 | @a中国 | |
| 690 | @aK240.9@v4 | |
| 701 | 0 | @a墨香满楼@AMo Xiang Man Lou@4著 |
| 801 | 0 | @aCN@bTANGWEI@c20110309 |
| 905 | @b0530127-31@dK240.9@e28@f5 | |
| 唐朝到底是怎么回事.3.女主天下/墨香满楼著.-武汉:武汉出版社,2010 |
| 254页;24cm |
| 国史悦读 |
| ISBN 978-7-5430-5312-0:CNY28.80 |
| 《国史悦读?唐朝到底是怎么回事3:女主天下》简介:这是一个大气磅礴的王朝,这是中国历史上空前绝后的一代女皇。她是怎么样从唐太宗的才人变成唐高宗的皇后的?她为什么要突破人伦的底线杀死自己的亲生儿女? |
| ● |
| 相关链接 |
|
|
|
|
正题名:唐朝到底是怎么回事
索取号:K240.9/28
 
预约/预借
| 序号 | 登录号 | 条形码 | 馆藏地/架位号 | 状态 | 备注 |
| 1 | 0530127 | 205301270 | 第二样本阅览室/ [索取号:K240.9/28] | 在馆 | |
| 2 | 0530128 | 205301289 | 第二借阅区/ [索取号:K240.9/28] | 在馆 | |
| 3 | 0530129 | 205301298 | 第二借阅区/ [索取号:K240.9/28] | 在馆 | |
| 4 | 0530130 | 205301305 | 第二借阅区/ [索取号:K240.9/28] | 在馆 | |
| 5 | 0530131 | 205301314 | 第二借阅区/ [索取号:K240.9/28] | 在馆 |